Warrior, dancer, seductress, queen : (Record no. 8197)
[ view plain ]
| 000 -LEADER | |
|---|---|
| fixed length control field | 00607nam a2200169 4500 |
| 008 - FIXED-LENGTH DATA ELEMENTS--GENERAL INFORMATION | |
| fixed length control field | 020103s1998 nyu engta |
| 020 ## - INTERNATIONAL STANDARD BOOK NUMBER | |
| International Standard Book Number | 0385484240 |
| 090 ## - LOCALLY ASSIGNED LC-TYPE CALL NUMBER (OCLC); LOCAL CALL NUMBER (OCLC) | |
| Classification number (OCLC) (R) ; Classification number, CALL (RLIN) (NR) | BS1305.6 |
| Local cutter number (OCLC) ; Book number/undivided call number, CALL (RLIN) | Ac5w |
| 100 1# - MAIN ENTRY--PERSONAL NAME | |
| Personal name | Ackerman, Susan |
| 245 10 - TITLE STATEMENT | |
| Title | Warrior, dancer, seductress, queen : |
| Remainder of title | women in Judges and biblical Israel / |
| Statement of responsibility, etc | Susan Ackerman. |
| 260 ## - PUBLICATION, DISTRIBUTION, ETC. (IMPRINT) | |
| Place of publication, distribution, etc | New York : |
| Name of publisher, distributor, etc | Doubleday, |
| Date of publication, distribution, etc | c1998. |
| 300 ## - PHYSICAL DESCRIPTION | |
| Extent | xiii, 352 p. |
| 490 1# - SERIES STATEMENT | |
| Series statement | The Anchor Bible reference library |
| 650 #4 - SUBJECT ADDED ENTRY--TOPICAL TERM | |
| Topical term or geographic name as entry element | Bible. O.T. Judges |
| General subdivision | Criticism, interpretation, etc. |
| 650 #4 - SUBJECT ADDED ENTRY--TOPICAL TERM | |
| Topical term or geographic name as entry element | Women in the Bible. |
| 951 ## - EQUIVALENCE OR CROSS-REFERENCE-GEOGRAPHIC NAME/AREA NAME [OBSOLETE] [CAN/MARC only] | |
| -- | 22231 |
| -- | BS1305.6/Ac5w |
| -- | 070613111031890 |
| -- | 2000-12-21 |
| -- | REF |
| Withdrawn status | Lost status | Damaged status | Not for loan | Home library | Current library | Shelving location | Date acquired | Accession number | Shelving control number | Total Checkouts | Full call number | Date last seen | Price effective from | Koha item type |
|---|---|---|---|---|---|---|---|---|---|---|---|---|---|---|
| BSOP Library | BSOP Library | Reference | 12/21/2000 | 22231 | 127 | BS1305.6/Ac5w | 02/23/2013 | 02/23/2013 | Books |
